| 000 | 00457nam a22001697a 4500 | ||
|---|---|---|---|
| 999 |
_c525965 _d525965 |
||
| 003 | NUST | ||
| 020 | _qH/B | ||
| 038 | _awaseem | ||
| 082 |
_a891.4911 _bALA |
||
| 100 |
_aAlampuri, Ghulam Rasool _916909 |
||
| 245 |
_aAhsan-ul-Qasas / _cGhulam Rasool Alampuri |
||
| 260 |
_aLahore : _bAziz Publishers, _c1989. |
||
| 300 | _a528 p. ; | ||
| 880 |
_6100-01\r _aغلام رسول عالپوری |
||
| 880 |
_6245-02\r _aاحسن القصص / |
||
| 942 |
_2ddc _cBK |
||